La couleur dans le roman des Lumières. Enjeux, emplois et évolutions (notice n° 1635592)

détails MARC
000 -LEADER
fixed length control field 02330cam a2200169 4500500
005 - DATE AND TIME OF LATEST TRANSACTION
control field 20260111142129.0
041 ## - LANGUAGE CODE
Language code of text/sound track or separate title fre
042 ## - AUTHENTICATION CODE
Authentication code dc
100 10 - MAIN ENTRY--PERSONAL NAME
Personal name Ripoll, Élodie
Relator term author
245 00 - TITLE STATEMENT
Title La couleur dans le roman des Lumières. Enjeux, emplois et évolutions
260 ## - PUBLICATION, DISTRIBUTION, ETC.
Date of publication, distribution, etc. 2019.<br/>
500 ## - GENERAL NOTE
General note 77
520 ## - SUMMARY, ETC.
Summary, etc. Si le siècle des Lumières est souvent considéré comme une « oasis colorée » (Michel Pastoureau), sa production romanesque ne témoigne qu’indirectement de cette polychromie. Elle constitue pourtant une étape centrale pour l’utilisation littéraire de la couleur. C’est dans la seconde moitié du 18e siècle que s’amorce un renouveau des pratiques descriptives lié à l’avènement d’une nouvelle épistémologie visuelle. Cet article explore l’utilisation littéraire de la couleur dans les romans de cette époque à travers une étude statistique générale, puis deux exemples précis : les mentions de couleur dans les réécritures du Pied de Fanchette de Rétif de la Bretonne ; puis le rougissement, d’abord prétexte à l’analyse psychologique ( La Vie de Marianne) puis à la description des variations chromatiques des corps ( Félicia ou Mes fredaines, Le Paysan perverti, Paul et Virginie).
520 ## - SUMMARY, ETC.
Summary, etc. Despite Michel Pastoureau’s reference to the Enlightenment age being ‘a chromatic oasis’, fiction is actually only indirectly bearing witness to such a polychromy. It is a major phase in the literary use of colour in writing, however. In the second half of the eighteenth century, one sees a renewal of descriptive practices in connection with a new visual epistemology. This paper explores the use of colour in contemporary novels, through a general statistical approach followed by the analysis of two specific examples: the occurrences of colour in the rewritings of Rétif de la Bretonne’s Pied de Fanchette and also the study of ‘reddening’ which was a pretext first for psychological investigation ( La Vie de Marianne) and then detailed accounts of the chromatic nuances of bodies ( Félicia ou Mes Fredaines, Le Paysan perverti, Paul et Virginie).
786 0# - DATA SOURCE ENTRY
Note Dix-huitième siècle | 51 | 1 | 2019-07-17 | p. 77-92 | 0070-6760
856 41 - ELECTRONIC LOCATION AND ACCESS
Uniform Resource Identifier <a href="https://shs.cairn.info/revue-dix-huitieme-siecle-2019-1-page-77?lang=fr&redirect-ssocas=7080">https://shs.cairn.info/revue-dix-huitieme-siecle-2019-1-page-77?lang=fr&redirect-ssocas=7080</a>

Pas d'exemplaire disponible.

PLUDOC

PLUDOC est la plateforme unique et centralisée de gestion des bibliothèques physiques et numériques de Guinée administré par le CEDUST. Elle est la plus grande base de données de ressources documentaires pour les Étudiants, Enseignants chercheurs et Chercheurs de Guinée.

Adresse

627 919 101/664 919 101

25 boulevard du commerce
Kaloum, Conakry, Guinée

Réseaux sociaux

Powered by Netsen Group @ 2025